Представление документа в формате MARC21

Поле Инд. ПП Название Значение
Тип записи a
Библиографический уровень b
001 Контрольный номер RU/IS/BASE/228408510
005 Дата корректировки 20200629065942.1
008 Кодируемые данные 20070328
040 b Код языка каталог. rus
e Правила каталог. PSBO
041 0_ a Код языка текста rus
084 a Индекс другой классификации/Индекс ББК 63.3(4Фин)-38
100 1_ a Автор Бахтурина А. Ю.
q Полное имя Бахтурина Александра Юрьевна
245 10 a Заглавие Великое княжество Финляндское в годы первой русской революции
504 a Библиография Лит. в примеч.: с. 52 - 53
520 a Аннотация "Революция 1905-1907 показала наличие мощных национальных сил в антиправительственных выступлениях в Финляндии. Но российский царизм не только не отказался от мысли урегулировать положение Финляндии в составе империи, но в 1910-1911 не исключал возможности решения этой задачи на основе размещения в Княжестве дополнительных военных сил. Так, после окончания первой русской революции Финляндия оставалась своеобразной "пороховой бочкой", угрожающей целостности Российской империи."
650 a Основная рубрика внутренняя политика
a Основная рубрика история
653 1_ a Ключевые слова XX век
a Ключевые слова национальная политика (этнополитика)
a Ключевые слова национально-освободительное движение
a Ключевые слова революция 1905-1907
a Ключевые слова Российская империя
a Ключевые слова Россия
a Ключевые слова социальные революции
a Ключевые слова Финляндия
773 0_ t Заглавие источника Вопросы истории
d Дата издания источника 2006
g Прочая информация № 11. - С. 39 - 52
w Контрольный № источника RU/IS/BASE/218295053
901 t Тип документа b